Comentario al Nuevo Testamento

Guardado en:
Detalles Bibliográficos
Autor principal: McDonald, William A.
Formato: Libro
Lenguaje:español
Publicado: Barcelona. Clie. 1995.
Materias:
Etiquetas: Agregar Etiqueta
Sin Etiquetas, Sea el primero en etiquetar este registro!

MARC

LEADER 00000nam a22000005a 4500
001 14758
003 CL-ChBUA
005 20120815103531.0
008 070301s1995 sp 000 0dspa
040 |a CL-ChBUA  |c CL-ChBUA 
082 0 0 |a 225 
090 |c 14758  |d 14758 
100 1 |a McDonald, William A. 
245 1 0 |a Comentario al Nuevo Testamento 
260 |b Clie.  |a Barcelona.  |c 1995. 
300 |a 1.413 p.  |c 22 cm. 
504 |a Bibl., fin de cada capítulo, índice. 
650 4 |a NUEVO TESTAMENTO-COMENTARIO. 
942 |c LIB 
952 |0 0  |1 0  |4 0  |7 0  |9 20719  |a UNACH  |b UNACH  |c 200  |d 2007-03-05  |i 34.247.  |l 17  |m 2  |o 225 / M 135.  |p 21718  |r 2019-07-25 00:00:00  |s 2018-06-07  |u 20719  |w 2012-08-08  |y LIB  |k 225 / M 135. 
999 |c 14758  |d 14758